Welcome to WEB OPAC of MRSPTU Central Library

Practical Manual of soil Science (Record no. 7598)

MARC details
000 -LEADER
fixed length control field 00416nam a2200169Ia 4500
008 - FIXED-LENGTH DATA ELEMENTS--GENERAL INFORMATION
fixed length control field 230711s9999||||xx |||||||||||||| ||und||
020 ## - INTERNATIONAL STANDARD BOOK NUMBER
International Standard Book Number 9790000000000
041 ## - LANGUAGE CODE
Language code of text/sound track or separate title ENG
082 ## - DEWEY DECIMAL CLASSIFICATION NUMBER
Classification number 631.405
Item number KU-S
100 ## - MAIN ENTRY--PERSONAL NAME
Personal name Kumar, Vijay
245 #0 - TITLE STATEMENT
Title Practical Manual of soil Science
260 ## - PUBLICATION, DISTRIBUTION, ETC.
Date of publication, distribution, etc. 2018
Place of publication, distribution, etc. New Delhi
Name of publisher, distributor, etc. Brillion Publishing
300 ## - PHYSICAL DESCRIPTION
Extent 106p.
650 ## - SUBJECT ADDED ENTRY--TOPICAL TERM
Topical term or geographic name entry element Agriculture
700 ## - ADDED ENTRY--PERSONAL NAME
Personal name Kumar, Rakesh
942 ## - ADDED ENTRY ELEMENTS (KOHA)
Koha item type Book
Holdings
Withdrawn status Lost status Damaged status Not for loan Collection Home library Current library Date acquired Source of acquisition Cost, normal purchase price Total checkouts Full call number Barcode Date last seen Price effective from Koha item type Date due Date last checked out
          MRSPTU Central Library MRSPTU Central Library   Technical Bureau India PVT.LTD44713 225.00   631.405 KU-S P2282 08/17/2023 08/17/2023 Book    
          MRSPTU Central Library MRSPTU Central Library   Technical Bureau India PVT.LTD44713 225.00 1 631.405 KU-S P2283 10/21/2024 08/17/2023 Book 11/13/2024 10/21/2024

Website Designed and Developed by MRSPTU Central Library Team

E-mail Id: librarian@mrsptu.ac.in